Understanding biotechnology: an integrated and cyber-based approach. (Record no. 108319)

MARC details
000 -LEADER
fixed length control field 00603nam a2200157Ia 4500
008 - FIXED-LENGTH DATA ELEMENTS--GENERAL INFORMATION
fixed length control field 210210b2005 xxu||||| |||| 00| 0 eng d
020 ## - INTERNATIONAL STANDARD BOOK NUMBER
International Standard Book Number 81 297 1087 0
082 ## - DEWEY DECIMAL CLASSIFICATION NUMBER
Classification number 620.8 ACQU
100 ## - MAIN ENTRY--PERSONAL NAME
Personal name ACQUAAH (George).
245 ## - TITLE STATEMENT
Title Understanding biotechnology: an integrated and cyber-based approach.
260 ## - PUBLICATION, DISTRIBUTION, ETC.
Place of publication, distribution, etc. New Delhi
Name of publisher, distributor, etc. Pearson Education
Date of publication, distribution, etc. 2005
300 ## - PHYSICAL DESCRIPTION
Extent 430
650 ## - SUBJECT ADDED ENTRY--TOPICAL TERM
Topical term or geographic name entry element Biotechnology Genetic Behavior Manipulation Recombinant Electrophoresis Blotting Molecular Markers Polymerase Genome Mapping Food Medicine Bioprocessing Environmental Business
690 ## - LOCAL SUBJECT ADDED ENTRY--TOPICAL TERM (OCLC, RLIN)
Topical term or geographic name as entry element Biotechnology
906 ## - LOCAL DATA ELEMENT F, LDF (RLIN)
a 061534
Holdings
Withdrawn status Lost status Source of classification or shelving scheme Damaged status Not for loan Collection code Home library Current library Date acquired Source of acquisition Cost, normal purchase price Total Checkouts Full call number Barcode Date last seen Price effective from Koha item type
    Dewey Decimal Classification     Bio Technology St Aloysius Library St Aloysius Library 02/17/2021 Intel Book Distributors Pvt Ltd, Bangalore-50 295.00   620.8 ACQU 061534 02/17/2021 02/17/2021 Book